00990cam a22002171 4500001001300000003000400013005001700017008004100034010001700075025001900092040001800111050001900129082001900148100002800167245029000195260004900485300002300534490006600557610004400623810010500667sa 68019825 DLC20260227112720.0900926s1969 ii 000 0 eng  asa 68019825  aPL489:I-F-E-56 aDLCcDLCdDLC00aZ5055.I6bA54600a013/.37/5095420 aJāfara Razā,d1939-10aDoctorate theses of the University of Allahabad:ba bibliography from 1887 to 1967 of the recipients of doctorate degrees from the Faculties of Arts, Science. Commerce and Law of the University of Allahabad, with the years award and the titles of their theses.cCompiled by Jafar Raza. a[Allahabad]bUniversity of Allahabad,c1969. axii, 99 p.c25 cm.1 aUniversity of Allahabad studies (new series);vv. 1, nos. 1-620aUniversity of AllahabadxDissertations.1 aAllahabad.bUniversity of Allahamad.tUniversity of Allahabad studies (new series);vv. 1, nos. 1-6.